000 00292nam a22001337a 4500
008 170405b xxu||||| |||| 00| 0 eng d
020 _at 5187
041 _aeng
080 _a574
100 _a9
101 _aSHM
245 _aPOPULAR ENCYCLOPEDIA OF PLANTS
_cHEYWOOD, V.H
942 _2udc
_cBK
999 _c9791
_d9791